| Registos Bibliográficos associados ao registo de autoridade |
|
Etiqueta de registo: 00847cam 2200289 450 001 562598 003 http://id.bnportugal.gov.pt/bib/catbnp/562598 005 20020529130100.0 021 ## $aPT$b1239 095 ## $aPTBN00770613 100 ## $a19950922d1995 m y0pory01030103ba 101 0# $apor 102 ## $aPT 105 ## $aa z 000yb 106 ## $ar 200 1# $aEsboço de cronologia da vida do padre Américo$fManuel Mendes 205 ## $a1ª ed 210 #9 $aPaço de Sousa$cObra da Rua,$d1995 215 ## $a15 p.$cil.$d21 cm 600 #0 $aAmérico,$cPadre,$f1887-1956$j[Biografias]$2SIPOR$31046075 675 ## $a929Américo, Padre$vBN$zpor$31190689 675 ## $a272-726.1/.6Américo, Padre$vBN$zpor$31585594 700 #1 $aMendes,$bManuel,$f1914-1992$3278091 801 #0 $aPT$bBN$gRPC 966 ## $c2$lBN$mFGMON$sR. 18374 V.$x1 966 ## $c2$lBN$mFGMON$sR. 18374 V.$x1 997 ## $aBIBEOD
Etiqueta de registo: 00542cam 2200193 450 001 1068707 003 http://id.bnportugal.gov.pt/bib/catbnp/1068707 005 20020827110000.0 100 ## $a20011010d1959 k y0pory0103 ba 101 0# $aeng 105 ## $ay z 000yb 106 ## $ar 200 1# $aGreat Portuguese$efather Américo Monteiro de Aguiar 210 #9 $a[S.l.$cs.n.]$d1959 215 ## $a7 p.$d17 cm 305 ## $aSep. de: An informative review, 1 600 #0 $aAmérico,$cPadre,$f1887-1956$j[Biografias]$2SIPOR$31046075 675 ## $a929Américo, Padre(042)$vBN$zpor$31659532 675 ## $a272-726.1/.6Américo, Padre(042)$vBN$zpor$31659533 966 ## $lBN$mFGMON$sR. 40734 P.$x2 997 ## $aBIBEOD
Etiqueta de registo: 00880cam 2200301 450 001 886135 003 http://id.bnportugal.gov.pt/bib/catbnp/886135 005 19990511000000.0 010 ## $a972-9156-27-1 021 ## $aPT$b1239 095 ## $aPTBN01014204 100 ## $a19981021d1997 m y0pory0103 ba 101 0# $apor 102 ## $aPT 105 ## $aa z 001yb 106 ## $ar 200 1# $aPadre Américo$emístico do nosso tempo$fJosé da Rocha Ramos 210 #9 $aPaço de Sousa$cCasa do Gaiato,$d1997 215 ## $a225, [4] p.$cil.$d21 cm 225 2# $aCasa do Gaiato$v24 600 #0 $aAmérico,$cPadre,$f1887-1956$j[Biografias]$2SIPOR$31046075 675 ## $a929Américo, Padre$vBN$zpor$31190689 675 ## $a272-726.1/.6Américo, Padre$vBN$zpor$31585594 700 #1 $aRamos,$bJosé da Rocha$369652 801 #0 $aPT$bBN$gRPC 966 ## $c2$lBN$mFGMON$sR. 19546 V.$x1 966 ## $c2$lBN$mFGMON$sR. 19546 V.$x1
Etiqueta de registo: 00254nam 2200025 450 001 2282570 003 http://id.bnportugal.gov.pt/bib/catbnp/2282570 010 ## $a978-972-9156-40-3 021 ## $aPT$b558070/25 100 ## $a20260323d2026 m y0pory01030103ba 101 0# $apor 102 ## $aPT 105 ## $ay z 000yy 106 ## $ar 200 1# $aPadre Américo$e o evangelho na vida$fLuís de Jesus Ventura de Pinho 205 ## $a1ª ed 210 #9 $aPaço de Sousa$cCasa do Gaiato,$d2026 215 ## $a164, [26] p.$d24 cm 600 #0 $aAmérico,$cPadre,$f1887-1956$j[Biografias]$2SIPOR$31046075 675 ## $a364.66-053.2(469)"19"(091)$vBN$zpor$31692652 675 ## $a272-46-9(469)"19"$vBN$zpor$31692641 675 ## $a272-726.1/.6Américo, Padre$vBN$zpor$31585594 675 ## $a929Américo, Padre$vBN$zpor$31190689 700 #1 $aPinho,$bLuís de Jesus Ventura de,$f1948-$31405780 801 #0 $aPT$bBN$gRPC 856 41 $uhttp://rnod.bnportugal.gov.pt/ImagesBN/winlibimg.aspx?skey=&doc=2282570&img=220705&save=true 900 ## $aBIBNAC$d20260401 966 ## $lBN$mFGMON$sH.G. 89041 V.$x1 966 ## $lBN$mFGMON$sH.G. 89041 V.-D$x1 971 ## $cisantos$d20260323 972 ## $e0$z0$d20260401$vlrevez 973 ## $csteixeira$d20260324 975 ## $e0$d20260408$viquintas
|
|
|